00661nam a22002057a 450000500170000001000110001702000100002803500110003803700160004904000120006508200160007710000210009324501300011426000390024427000390028330000330032265000560035565000230041170000210043420170124110009.0 a702742 c00.00 a702742 bCen Lib/Ret aDPLbEN a371.26bSCH aSchwarz, Paul A. aAbility testing in developing countries :cby Paul A. Schwarz [and] Robert E. Krugba handbook of principles and techniques / aNew YorkbPraeger Publishersc1972 bNew Yorka111 Fourth Avenuee10003 axviii,244p.:c24cm(Hb)bill. aOccupational aptitude tests -- Developing countries aAbility -- Testing a Krug, Robert E.